Normal view MARC view
  • Rodríguez Bautista, Diana Marcela

Entry Nombre Personal

Number of records used in: 1

001 - NUMERO DE CONTROL

  • campo de control: 59158

003 - IDENTIFICADOR DE NUMERO DE CONTROL

  • campo de control: MX-MxUPN

005 - FECHA Y HORA DE LA ÜLTIMA TRANSACCIÓN

  • campo de control: 20260324093633.0

008 - DATOS DE LONGITUD FIJA

  • campo de control de longitud fija: 260324|n ac|nnaabn | aaa d

040 ## - FUENTE DE CATALOGACIÓN

  • Agencia original de catalogación: MX-MxUPN
  • Lenguaje de catalogación: spa

100 1# - ENCABEZAMIENTO - NOMBRE PERSONAL

  • Nombre personal: Rodríguez Bautista, Diana Marcela

670 ## - FUENTE EN LA QUE SE LOCALIZARON DATOS

  • Cita de la fuente: Del acontecimiento social al acontecimiento poético: tránsitos y relatos del conflicto armado colombiano, 2024 :
  • Información localizada: portada (Rodríguez Bautista, Diana Marcela)
  • Uniform Resource Identifier: http://hdl.handle.net/20.500.12209/20807

902 ## - CATALOGADOR

  • Catalogador: JohanaAllegre